Správa o hospodárení školy a školského zariadenia
Povinnosť škôl a školských zariadení vypracovať správu o hospodárení školy a školského zariadenia za predchádzajúci kalendárny rok a predložiť ju svojmu zriaďovateľovi. Obsah a forma správy a o hospodárení. Súhrnná správa.
Na minha lista:
| Autor principal: | |
|---|---|
| Formato: | Capítulo de Livro |
| Idioma: | eslovaco |
| Assuntos: | |
| Tags: |
Sem tags, seja o primeiro a adicionar uma tag!
|
MARC
| LEADER | 00000naa a2200000 4500 | ||
|---|---|---|---|
| 001 | 0258594 | ||
| 005 | 20191001082732.6 | ||
| 041 | 0 | |a slo | |
| 044 | |a SK | ||
| 245 | 1 | 0 | |a Správa o hospodárení školy a školského zariadenia |c Ingrid Konečná Veverková |
| 520 | |a Povinnosť škôl a školských zariadení vypracovať správu o hospodárení školy a školského zariadenia za predchádzajúci kalendárny rok a predložiť ju svojmu zriaďovateľovi. Obsah a forma správy a o hospodárení. Súhrnná správa. | ||
| 610 | 2 | 0 | |a hospodárenie finančné |
| 610 | 2 | 0 | |a zariadenia školské |
| 610 | 2 | 0 | |a legislatíva |
| 610 | 2 | 0 | |a školy |
| 610 | 2 | 0 | |a zdroje finančné |
| 100 | 1 | |a Konečná Veverková, Ingrid | |